000 00295nam a22001337a 4500
008 181207b xxu||||| |||| 00| 0 eng d
020 _a9780312664817
041 _aeng
080 _26 th
_a370
100 _a49
101 _aEDU
245 _aRules For Writers
_cDiana.H
942 _2udc
_cBK
999 _c53090
_d53090